000 00962nam a22002055i 4500
001 151492
003 ES-MaACL
005 20230906204225.0
008 010306s1845 sp c |||| | spa d
040 _aCCPB | B
_bspa
_cCCPB | B
100 1 _aAnduaga y Espinosa, Baltasar.
_921682
245 1 0 _aCompendio de la historia de España
_b: desde Ataulfo hasta nuestros días /
_cescrito por Baltasar Anduaga y Espinosa ; ilustrado con los retratos de los reyes y hombres célebres, dibujados y litografiados por los mejores artistas españoles.
260 _aMadrid :
_b[s.n.],
_c1845 (
_fimprenta de Narciso Sanchiz)
300 _a1 v. ;
_c :
_bil. ; 22 cm.
500 _aCon el mismo título volumen 1º y 2º por Cándido de Nocedal.
597 _aT. III (277 p., [60] h. de grab.)
599 _aLas h. de grab. son retr. de reyes y personajes ilustres.
651 4 _aEspaña-
_xHistoria.
_98209
852 _aES-MaACL
_jG-824
_z-- Enc. hol.
_q-- Sólo t.III
999 _c151492
_d151492